[Event "Open13 06/07"]
[Site "?"]
[Date "2007.01.13"]
[Round "4"]
[White "Sintes, Marc"]
[Black "Madranges, Jean"]
[Result "1-0"]
[WhiteElo "2096"]
[BlackElo "1910"]
[PlyCount "117"]

1. Nf3 e6 2. b3 f5 3. Bb2 Nf6 4. g3 Be7 5. Bg2 O-O 6. O-O d6 7. a4 Qe8 8. a5 e5
9. a6 c6 10. axb7 Bxb7 11. c4 Qh5 12. c5 e4 13. Nd4 Bc8 14. e3 Qh6 15. cxd6
Bxd6 16. f4 exf3 17. Bxf3 Ng4 18. Bxg4 fxg4 19. Rxf8+ Bxf8 20. Qe2 c5 21. Qc4+
Kh8 22. Qf7 Nd7 23. Ne6 Qg6 24. Qxg6 hxg6 25. Nc3 Bb7 26. Nxf8 Nxf8 27. Nb5 a6
28. Nd6 Bd5 29. Nc4 Rb8 30. Bc3 Rxb3 31. Ne5 Be4 32. Kf2 Rb6 33. Ke2 Bf5 34.
Ra5 Ne6 35. d3 g5 36. e4 Bh7 37. Nxg4 Kg8 38. Ne5 g6 39. Ke3 Rd6 40. Ra2 Nd4
41. Nc4 Rc6 42. Bxd4 cxd4+ 43. Kxd4 Kf8 44. Rf2+ Ke7 45. Rf7+ Kxf7 46. Ne5+ Ke7
47. Nxc6+ Kd6 48. Na5 Bg8 49. e5+ Kc7 50. Kc5 Be6 51. d4 Bg4 52. d5 Kd7 53. e6+
Bxe6 54. dxe6+ Kxe6 55. Kd4 Kf5 56. h3 g4 57. h4 g5 58. hxg5 Kxg5 59. Ke5 1-0

[Event "Open13 06/07"]
[Site "?"]
[Date "2007.01.13"]
[Round "4"]
[White "Laurent, Yohan"]
[Black "Madranges, Julien"]
[Result "0-1"]
[WhiteElo "1760"]
[BlackElo "1929"]
[PlyCount "92"]

1. e4 d5 2. exd5 Qxd5 3. Nc3 Qa5 4. d4 c6 5. Bd2 Bf5 6. Qf3 $6 e6 7. Nb5 $2 Qb6
8. Nc3 Bxc2 $19 9. b3 Nf6 10. Rc1 Bf5 11. Bd3 Bxd3 12. Qxd3 Na6 13. Nge2 O-O-O
14. Bf4 Nd5 15. Na4 Bb4+ 16. Bd2 Bxd2+ 17. Qxd2 Qb4 18. Nac3 Nxc3 19. Qxc3 Rd7
20. O-O Qxc3 21. Rxc3 Rhd8 22. Rc4 Nc7 23. a4 Ne8 24. Rfc1 Nd6 25. R4c3 Nf5 26.
Rf3 Nxd4 27. Nxd4 Rxd4 28. Kf1 R8d7 29. Rcc3 Kc7 30. g3 a6 31. a5 f6 32. Rc2
R7d5 33. Ra2 Rb4 34. Rf4 Rxf4 35. gxf4 Rf5 36. Ra4 Rb5 37. Ra3 Rb4 38. f5 e5
39. Ke2 Rh4 40. Ra4 $4 Rxa4 41. bxa4 Kd6 42. Kd3 Kd5 43. f3 c5 44. h4 c4+ 45.
Kc3 Kc5 46. h5 h6 0-1

[Event "Open13 06/07"]
[Site "?"]
[Date "2007.01.13"]
[Round "4"]
[White "Cortes, Antoine"]
[Black "Simone, Herve"]
[Result "1-0"]
[WhiteElo "2158"]
[BlackElo "1720"]
[PlyCount "75"]

1. e4 e6 2. d4 d5 3. Nc3 dxe4 4. Nxe4 f5 5. Nc3 Nf6 6. Nf3 Bd6 7. Bc4 O-O 8.
O-O c6 9. Re1 Re8 10. Bb3 Nd5 11. Bg5 Be7 12. Nxd5 Bxg5 13. Nc3 Na6 14. Qd3 b5
15. Qxf5 Bf6 16. Qd3 Nb4 17. Qe2 Qb6 18. Ne4 Nd5 19. Nxf6+ Nxf6 20. Qe5 h6 21.
c3 Kh8 22. Qg3 c5 23. Qg6 Re7 24. Ne5 Kg8 25. dxc5 Qxc5 26. Rad1 Nd5 27. Bc2
Rc7 28. Qh7+ Kf8 29. Qh8+ Ke7 30. Qxg7+ Kd6 31. Rxd5+ Qxd5 32. Qf8+ Re7 33. Rd1
Bb7 34. Qf4 Rg7 35. Rxd5+ Bxd5 36. g3 Ke7 37. Qb4+ Kf6 38. Qh4+ 1-0

[Event "Open13 06/07"]
[Site "?"]
[Date "2007.01.13"]
[Round "4"]
[White "Regaud, Denis"]
[Black "Nakache, Jonathan"]
[Result "1/2-1/2"]
[WhiteElo "1670"]
[BlackElo "2140"]
[PlyCount "119"]
[EventDate "2007.??.??"]

1. d4 Nf6 2. c4 g6 3. g3 Bg7 4. Bg2 O-O 5. Nf3 d6 6. Nc3 Nbd7 7. O-O e5 8. h3
Re8 9. e4 a5 (9... c6 $5 {limite la diagonale du Bg2} 10. b3 exd4 11. Nxd4 Nc5
12. Re1 a5 $11) 10. dxe5 dxe5 11. Be3 c6 12. Qc2 Qc7 13. Rac1 Nf8 14. Rfd1 Ne6
15. Na4 Nd7 (15... c5 $11) 16. c5 Rf8 17. Bf1 Kh8 18. Bc4 Rb8 19. Bxe6 fxe6 $16
20. Kg2 h6 21. Qc4 g5 22. Rd2 Nf6 23. Nb6 g4 24. Nh4 Kh7 25. Rcd1 gxh3+ 26.
Kxh3 Nd5 27. Nxc8 (27. Qa4 Nxe3 28. fxe3 Rf7 29. Qxa5 $18) 27... Nxe3 $14 28.
fxe3 Qxc8 29. Rd7 Qe8 30. Rc7 Rf7 31. Rxf7 Qxf7 $11 32. Rf1 Qe7 33. Kg2 Rd8 34.
Qc3 a4 35. Rf2 Bf6 36. Nf3 Qg7 37. Ng1 Rg8 38. Ne2 h5 39. Rf3 h4 40. Qc4 Qe7
41. Qxa4 $16 hxg3 42. Qd1 Rg6 43. Qd6 Qxd6 $4 44. cxd6 Kg7 45. Rxg3 $2 (45. d7
Bd8 46. Nxg3 $18) 45... Rxg3+ 46. Kxg3 Kf7 47. Nc1 Ke8 48. Nd3 b6 49. a4 Kd7
50. a5 bxa5 51. Nc5+ Kxd6 52. Nb7+ Kc7 53. Nxa5 Kb6 54. Nc4+ Kc5 55. Nd2 Bd8
56. Kf3 Ba5 57. Ke2 Bxd2 58. Kxd2 Kc4 59. Kc2 c5 60. b3+ $11 1/2-1/2

[Event "Open13 06/07"]
[Site "?"]
[Date "2007.01.13"]
[Round "4"]
[White "Mazeau, Geoffroy"]
[Black "Girard, Jean-Pierre"]
[Result "1-0"]
[WhiteElo "1837"]
[BlackElo "1973"]
[PlyCount "87"]

1. f4 c5 2. Nf3 d6 3. b3 Nc6 4. Bb2 e6 5. e3 Nf6 6. c4 Be7 7. Be2 b6 8. O-O Bb7
9. Qe1 Qc7 10. Nc3 a6 11. Qg3 O-O-O 12. Ng5 (12. Qxg7 Rdg8 13. Qh6 Rg6 14. Qh3
Rhg8 15. Ne1 $14) 12... Rdf8 13. a3 h6 14. Nh3 Kb8 15. Nf2 g5 16. f5 h5 17.
Nfe4 h4 18. Qe1 Nxe4 19. Nxe4 Ne5 20. Bxe5 dxe5 21. Nc3 g4 (21... e4 $5 $15)
22. Bxg4 $14 Rfg8 23. h3 Rxg4 24. hxg4 h3 25. e4 Qd8 26. Rd1 hxg2 27. Kxg2 Qg8
28. f6 Bf8 29. Qg3 Bh6 30. Rh1 Bf4 31. Rxh8 Qxh8 32. Qh3 Qxf6 33. Rf1 $11 Qg7
34. d3 f5 35. Kf3 Qd7 36. gxf5 Qd4 $2 (36... Qxd3+ 37. Kg2 Bxe4+ 38. Nxe4 Qxe4+
39. Kf2 Qc2+ 40. Kg1 exf5 41. Qh8+ Kb7 42. Qg7+ Kc8 43. Qf8+ Kc7 44. Qg7+ $11)
37. f6 $1 Qxc3 38. f7 Qxd3+ 39. Kg4 Qd8 40. Rxf4 exf4 41. Qh6 Qd1+ 42. Kg5 Qg1+
43. Kf6 Qd4+ 44. Ke7 $18 1-0

[Event "Open13 06/07"]
[Site "?"]
[Date "2007.01.13"]
[Round "4"]
[White "Jouet, Philippe"]
[Black "Battaglia, Gerard"]
[Result "1-0"]
[WhiteElo "1920"]
[BlackElo "1890"]
[PlyCount "89"]
[EventDate "2007.??.??"]

1. d4 Nf6 2. Nf3 b5 3. e3 a6 4. Bd3 Bb7 5. Nbd2 d5 6. Qe2 e6 7. e4 dxe4 8. Nxe4
Nbd7 9. Bg5 Be7 10. Nxf6+ Bxf6 11. Bxf6 Nxf6 12. Bxb5+ c6 (12... Ke7 13. Bd3
Bxf3 14. Qxf3 Qxd4 $11) 13. Bd3 O-O 14. O-O Qb6 15. c3 Rfd8 16. Rfe1 c5 17.
dxc5 Qxc5 18. Rad1 Qh5 19. Bc2 Nd5 20. Rd4 Nf6 21. Rxd8+ Rxd8 22. Rd1 Rxd1+ 23.
Qxd1 g6 24. c4 Qg4 25. b3 e5 26. h3 Qe6 27. Qe2 e4 28. Nd4 Qe5 29. Qd2 Nd7 30.
Qc3 Qg5 31. Qe3 Qe5 32. b4 Kg7 33. Qc3 f6 34. Bb3 Qe7 35. c5 Ne5 36. c6 Bc8 37.
a4 Nd3 38. b5 axb5 39. axb5 Qc7 40. Be6 Qf4 41. Qc2 e3 42. Qxd3 Qxf2+ 43. Kh2
Bxe6 44. Nxe6+ Kh6 45. Qd4 (45. Qd7 {gagne plus rapidement} e2 {
sinon, les Noirs donnent la Q pour retarder le mat} 46. Qg7+ Kh5 47. Qxh7#) (
45. Qd4 g5 46. Qd7 $18 {et le mat suit}) 1-0

[Event "Open13 06/07"]
[Site "?"]
[Date "2007.01.13"]
[Round "4"]
[White "Thomet, Yannick"]
[Black "Mazzerbo, Olivier"]
[Result "1-0"]
[WhiteElo "2040"]
[BlackElo "1800"]
[PlyCount "149"]

1. d4 f5 2. e3 Nf6 3. Bd3 e6 4. Nd2 d5 5. Ne2 Bd6 6. Ng3 O-O 7. f4 c5 8. c3 Nc6
9. Nf3 Bd7 10. Ne5 Qa5 11. O-O c4 12. Be2 b5 13. Nh5 Be8 14. Nxf6+ Rxf6 15. Rf3
Qd8 16. Rh3 Be7 17. Bd2 Nxe5 18. dxe5 Rf8 19. Qc2 Bc5 20. b3 a5 21. Kh1 Bc6 22.
Bf3 Qb6 23. Re1 Ra7 24. g4 cxb3 25. axb3 a4 26. b4 Be7 27. gxf5 exf5 28. Rd1
Rd7 29. Bc1 Qb7 30. Qg2 Rc8 31. Bb2 g6 32. Rg1 Bf8 33. Rh5 Bg7 34. Rh3 Qa7 35.
Qf2 Ba8 36. Qh4 Kf7 $2 (36... Bf8 37. Qf6 Bg7 38. Qh4 Bf8 $11) 37. Qxh7 $18 Qb6
38. Rhg3 Rh8 39. Qxg6+ Qxg6 40. Rxg6 Kf8 41. Rb6 Rb7 42. Rd6 Rb8 43. Rg5 Rh6
44. Rxf5+ Ke7 45. Rxh6 Bxh6 46. Rh5 Bg7 47. Kg1 Rg8 48. Kf2 Bc6 49. Rg5 Kf7 50.
Bh5+ Ke7 51. Rg6 Bd7 52. Rb6 Rh8 53. Bf3 $6 (53. Be2 Rxh2+ 54. Ke1 $18) 53...
Rxh2+ 54. Kg3 $2 $11 (54. Bg2 Bh3 55. Rg6 Bf8 56. Kg1 Rxg2+ 57. Rxg2 Bxg2 58.
Kxg2 $18) 54... Rxb2 55. Bxd5 a3 56. Ra6 a2 (56... Rd2 $14) 57. Bxa2 Rxa2 $4
$18 (57... Rc2 58. Ra3 Bc6 $16) 58. Rxa2 Ke6 59. e4 Bh8 60. Ra6+ Ke7 61. Kh4
Bg7 62. Kg5 Bf8 63. Kg6 Be8+ 64. Kg5 Bd7 65. f5 Kd8 66. Ra8+ Ke7 67. e6 Bc6 68.
Ra7+ Kd6 69. Ra6 Kc7 70. f6 Kb7 71. Ra5 (71. Rxc6 $1 Kxc6 72. e7 Bxe7 73. fxe7
Kd7 74. Kf6 $18) 71... Bd6 72. Kf5 Bc7 73. Ra1 Kc8 74. Rd1 Kb7 75. f7 1-0

[Event "Open13 06/07"]
[Site "?"]
[Date "2007.01.13"]
[Round "4"]
[White "Pieri, Thierry"]
[Black "Colandrea, Sauveur"]
[Result "1-0"]
[WhiteElo "1927"]
[BlackElo "1904"]
[PlyCount "41"]

1. e4 Nf6 2. e5 Nd5 3. d4 d6 4. Nf3 g6 5. Bc4 Nb6 6. Bb3 Bg7 7. O-O O-O 8. Qe2
Bg4 $11 9. e6 $5 fxe6 (9... d5 10. exf7+ Rxf7 $15) 10. Bxe6+ Bxe6 11. Qxe6+ Kh8
12. Ng5 $16 Qe8 $2 (12... Bf6 13. Nf7+ Rxf7 14. Qxf7 Bxd4 $16) 13. Qh3 $1 h5
14. Ne6 Rf5 (14... Nc6 15. Nxc7 Qc8 16. Nxa8 Qxh3 17. gxh3 Nxa8 18. c3 $18) 15.
Nxc7 Qc6 16. Nxa8 Bxd4 17. c3 Bf6 18. Nxb6 Qxb6 19. Nd2 Kg7 20. Ne4 Be5 21. Qe3
1-0

[Event "Open13 06/07"]
[Site "?"]
[Date "2007.01.13"]
[Round "4"]
[White "Scamaroni, Jean-Paul"]
[Black "Pleynet, Olivier"]
[Result "1-0"]
[WhiteElo "1820"]
[BlackElo "1925"]
[PlyCount "95"]

1. d4 Nf6 2. c4 d6 3. Nc3 g6 4. e4 Bg7 5. f4 {
La spécialité de Scamaroni : L'attaque des 4 pions} O-O 6. Nf3 c6 (6... c5 7.
d5 $11 {rentre dans les grandes lignes}) 7. Be2 d5 8. cxd5 cxd5 9. e5 Ne8 10.
O-O Nc6 $14 11. Be3 Bg4 $2 (11... Nc7 $14) (11... Rb8 $14) 12. Qb3 e6 13. Qxb7
Ne7 14. Qb3 $16 Nf5 15. Bf2 Bh6 16. g3 Rb8 17. Qc2 Qb6 18. Na4 Qb4 19. Be1 Nxd4
20. Nxd4 Qxd4+ 21. Bf2 Qxa4 $2 (21... Bf5 22. Bxd4 Bxc2 23. b3 $18 {
mais l'équilibre matériel est maintenu}) 22. Qxa4 Bxe2 23. Rfe1 Bb5 24. Qxa7
Ng7 25. Rac1 Ra8 26. Qc5 Bd3 27. a3 Rfb8 28. Qc3 Bc4 29. b4 $1 {
le rouleau-compresseur se met en marche} Ne8 30. Ra1 Nc7 31. a4 Bf8 32. b5 Rb7
33. b6 Na6 34. a5 Bb4 35. Qb2 Bc5 36. Bxc5 Nxc5 37. Qc3 Ra6 38. Reb1 Ne4 39.
Qb4 Ra8 40. Re1 Ba6 41. Rac1 Rab8 42. Qd4 Kf8 43. Rc7 Ke8 44. Rec1 Kf8 45. Qb4+
Kg8 46. Qe7 Rxc7 47. Rxc7 Rf8 48. b7 1-0

[Event "Open13 06/07"]
[Site "?"]
[Date "2007.01.13"]
[Round "4"]
[White "Thiers, Jean-Jacques"]
[Black "Pierrugues, Laurent"]
[Result "1-0"]
[WhiteElo "1680"]
[BlackElo "1910"]
[PlyCount "107"]
[EventDate "2007.??.??"]

1. d4 Nf6 2. c4 g6 3. Nc3 Bg7 4. e4 d6 5. Bd3 (5. f3 O-O 6. Be3 c5 $14 {
est l'ordre de coup classique où les Noirs jouent un gambit}) 5... O-O 6. Nge2
Nbd7 7. f3 c5 8. Be3 cxd4 9. Bxd4 Nc5 (9... Ne5 {
cette place est plus logique pour le N noir} 10. O-O a6 11. Kh1 Bd7 12. a4 Rc8
13. b3 Nc6 14. Be3 e6 $11) 10. Bc2 Be6 11. b3 a5 12. O-O Bd7 13. e5 $1 Ne8 14.
exd6 exd6 15. Bxg7 $16 Kxg7 {le Bg7 a disparu, les Noirs ont un Pd6 isolé sur
une colonne ouverte : Les Blancs ont déjà un avantage stratégique important,
voire gagnant} 16. Ne4 (16. Re1 $5 $16) 16... Nxe4 17. Bxe4 Bc6 18. Qd4+ Qf6
19. Bxc6 (19. Rfe1 $5 Qxd4+ 20. Nxd4 Bxe4 21. Rxe4 Nc7 22. Re7 Rac8 23. Rae1
$14) 19... bxc6 20. Rad1 Qe5 21. Nc3 f5 22. Qxe5+ dxe5 23. Rd7+ Rf7 24. Rfd1
Ra7 25. Rxa7 Rxa7 26. Kf2 Kf7 $11 27. Na4 Ke7 28. Nc5 (28. Nb6 Rc7 29. c5 $14 {
et les Blancs continuent de faire pression avec Re1 et Nc4}) 28... Nf6 $11 29.
g3 Nd7 30. Nxd7 $6 {
libère le jeu des Noirs, la finale de P est même légèrement à leur avantage}
Rxd7 31. Rxd7+ Kxd7 $15 32. Ke3 Kd6 (32... h5 33. h4 Ke6 34. a3 c5 35. Kd3 Kf6
$17 {avec le menace ...g5}) 33. h4 $2 (33. a3 c5 $15) 33... Kc5 $1 $19 34. Kd3
Kb4 35. Kc2 {#} e4 $5 $17 (35... Ka3 $1 36. c5 h5 37. Kc3 Kxa2 38. Kc2 e4 39.
fxe4 fxe4 40. Kc3 e3 41. Kd3 Kxb3 42. Kxe3 a4 $19) 36. fxe4 fxe4 37. Kb2 {#} e3
$4 (37... a4 $1 {
gagnait. Les Noirs ont laissé passer 2 fois leur chance dans cette finale} 38.
a3+ Kc5 39. bxa4 Kxc4 40. Kc2 c5 41. Kd2 Kd5 $1 (41... Kb3 $2 {
ne semble pas suffisant pour gagner} 42. a5 c4 43. a6 c3+ 44. Ke2 c2 45. a7
c1=Q 46. a8=Q {et il peut suivre :} Qc2+ 47. Kf1 Qd3+ 48. Kg2 Qd2+ 49. Kf1 Qd1+
50. Kg2 Qf3+ 51. Kh2 Qf2+ 52. Kh3 e3 53. Qd5+ Kxa3 54. Qc5+ Kb3 55. Qb5+ Kc3
56. Qc5+ Kb2 57. Qb4+ Kc1 58. Qa3+ Kd2 59. Qa2+ Ke1 60. Qb1+ Ke2 61. Qc2+ Kf1
62. Qd1+ Qe1 63. Qf3+ Qf2 64. Qd1+ $11) 42. a5 (42. Ke3 c4 43. a5 (43. Kd2 Kd4
44. a5 c3+ 45. Kc2 e3 46. Kb3 (46. Kd1 Kd3 47. a6 c2+ 48. Kc1 Kc3 49. a7 e2 50.
a8=Q e1=Q#) 46... e2 47. a6 e1=Q $19) 43... c3 44. a6 (44. Ke2 Kc6 $19) 44...
Kc6 $19) 42... c4 43. a6 Kc6 $19) 38. a3+ Kc5 39. Kc3 e2 (39... Kd6 $5 {
est un peu plus compliqué pour les Blancs} 40. Kd3 Kc5 (40... c5 41. Kxe3 Ke5
42. Kd3 h6 43. Kc3 Kd6 44. b4 axb4+ 45. axb4 cxb4+ 46. Kxb4 Kc6 $18) 41. Kxe3
a4 42. bxa4 Kxc4 (42... Kb6 43. Kd4 $18) 43. Kd2 (43. g4 $2 c5 44. Kd2 Kb3 45.
a5 {forcé} Kb2 46. Kd3 Kb3 47. a6 c4+ 48. Kd2 Kb2 49. a7 c3+ 50. Ke2 c2 51.
a8=Q c1=Q $14 {et les Noirs tiennent la nulle}) 43... Kd4 (43... Kb3 44. a5 c5
45. a6 c4 46. a7 Kb2 47. a8=Q c3+ 48. Kd3 c2 49. Qb8+ $18) (43... Kc5 44. Kc3
Kb6 45. Kb4 $18) (43... c5 44. Kc2 Kd5 45. Kc3 Kc6 46. Kc4 Kb6 47. Kd5 $18) 44.
Kc2 Kc4 45. g4 c5 46. Kb2 (46. h5 $2 gxh5 47. gxh5 h6 48. Kb2 Kd3 49. a5 Kd2
50. a6 c4 51. a7 c3+ 52. Kb3 c2 53. a8=Q c1=Q 54. Qd5+ Ke3 $1 $14 {
avec une nulle probable}) 46... Kd3 {ne marche pas à cause de la ...case g5
qui reste accessible à la future Q blanche !} (46... h5 47. g5 $18) (46... h6
47. Kc2 Kd4 48. a5 Kd5 49. Kc3 $18) 47. a5 Kd2 48. a6 c4 49. a7 c3+ 50. Kb3 c2
51. a8=Q c1=Q 52. Qd5+ $1 {le K noir n'a que 3 cases et les Blancs peuvent à
chaque fois forcer l'échange des Q, assurant le gain grâce à leur Pa3} Ke2 (
52... Ke3 53. Qg5+ $18 {voilà la case g5!}) 53. Qc4+ Qxc4+ 54. Kxc4 $18) 40.
b4+ $1 {le bon timing : on repousse le K noir avant de prendre le Pe2. Tout
autre coup est perdant pour les Blancs} (40. Kd2 $2 Kd4 41. Kxe2 Kc3 42. b4
axb4 43. axb4 Kxc4 $19) 40... axb4+ 41. axb4+ Kd6 42. Kd2 Ke5 43. Kxe2 Kd4 44.
b5 $1 cxb5 45. cxb5 Kc5 46. Kf3 Kxb5 47. Kf4 Kc5 (47... h6 {ne change rien} 48.
g4 Kc6 49. g5 h5 50. Ke5 Kd7 51. Kf6 Ke8 52. Kxg6 $18) 48. Kg5 Kd5 49. Kh6 Ke5
50. Kxh7 Kf5 51. Kh6 Kf6 52. g4 g5 53. hxg5+ Kf7 54. Kh7 1-0

[Event "Open13 06/07"]
[Site "?"]
[Date "2007.01.13"]
[Round "4"]
[White "Wallet, Patrick"]
[Black "Porte, Jacques"]
[Result "1-0"]
[WhiteElo "1830"]
[BlackElo "1505"]
[PlyCount "119"]
[EventDate "2007.??.??"]

1. e4 c5 2. Nf3 e6 3. d4 cxd4 4. Nxd4 Nc6 5. Nc3 Nf6 6. Be3 a6 7. Qd2 Ng4 8.
Bg5 Nf6 9. O-O-O Be7 10. h4 d6 11. Nxc6 bxc6 12. Bxf6 gxf6 13. Be2 Qb6 14. f3
Rb8 15. Na4 Qb4 16. Qxb4 Rxb4 17. b3 h5 18. Nb2 Rb8 19. Rd4 d5 20. exd5 cxd5
21. c4 Bb7 22. cxd5 Rc8+ 23. Rc4 exd5 24. Rxc8+ Bxc8 25. Kd2 Rg8 26. Bf1 f5 27.
Nd3 Bd6 28. Ke3 Kd7 29. Kd4 Re8 30. Kxd5 Bb7+ 31. Kd4 f6 32. Nc5+ Bxc5+ $2 {
le mauvais échange de pièce.} (32... Kc6 33. Nxb7 Be5+ 34. Ke3 Kxb7 $16 {
avec des chances pour les Noirs de tenir la partie avec les B de couleurs
opposées}) 33. Kxc5 $18 Re5+ 34. Kb4 Rd5 35. Kc3 f4 36. Bc4 Rd6 37. Kc2 Kc7 38.
Rd1 Rc6 39. Rd4 a5 40. Rxf4 Bc8 41. Kb2 Rd6 42. Kc2 Rc6 43. Rd4 Kb6 44. Rd5 Ba6
45. Kd3 Bc8 46. Rb5+ Ka6 47. Rxh5+ Kb6 48. Ke4 (48. Rb5+ Ka6 49. Rc5+ Kb6 50.
Rxc6+ Kxc6 51. Kd4 $18 {avec une finale facilement gagnante pour les Blancs})
48... f5+ 49. Kf4 Rd6 50. Rh8 Bd7 51. h5 Kc5 52. h6 Kd4 53. h7 Rh6 54. Kg5 Rh2
55. Kf4 Rh4+ 56. Kg3 Rh6 57. Rd8 Rxh7 58. Bb5 f4+ 59. Kf2 Kc5 60. Rxd7 1-0

[Event "Open13 06/07"]
[Site "?"]
[Date "2007.01.13"]
[Round "4"]
[White "Torelli, Roger"]
[Black "Estevez, Ange"]
[Result "1/2-1/2"]
[WhiteElo "1780"]
[BlackElo "1780"]
[PlyCount "55"]

1. e4 d5 2. exd5 Nf6 3. Nf3 Nxd5 4. c4 Nf6 5. d4 e6 6. Nc3 c6 7. Be2 Be7 8. O-O
a6 9. c5 Nbd7 10. Qc2 O-O 11. Bg5 Nd5 12. Bxe7 Qxe7 13. a3 f5 14. Rfe1 Rf6 15.
Bc4 Nxc3 16. Qxc3 Nf8 17. Ne5 Qc7 18. Re2 Rh6 19. Rae1 Bd7 20. b4 Ng6 21. Qg3
Nxe5 22. Rxe5 Rg6 23. Qb3 Re8 24. f4 Kf8 25. g3 b5 26. Be2 Rf6 27. Bd1 a5 28.
Qb2 1/2-1/2

[Event "Open13 06/07"]
[Site "?"]
[Date "2007.02.03"]
[Round "5"]
[White "Milesi, Laurent"]
[Black "Anton, Jose"]
[Result "1-0"]
[WhiteElo "2110"]
[BlackElo "1977"]
[PlyCount "77"]

1. e4 c5 2. Nf3 Nc6 3. Nc3 Nf6 4. Bb5 Nd4 5. e5 Nxb5 6. Nxb5 Nd5 7. Ng5 e6 8.
Ne4 f6 (8... Be7 9. c4 Nb4 10. Nbd6+ Kf8 11. d4 cxd4 12. Qh5 Nd3+ 13. Ke2 Nxc1+
14. Raxc1 g6 15. Qf3 f5 16. exf6 Bxd6 17. Nxd6 Qb6 18. Qa3 $18) 9. O-O Be7 10.
c4 Nf4 $18 11. d4 fxe5 12. Bxf4 exf4 13. Qh5+ g6 14. Nbd6+ Kf8 15. Qe5 Rg8 16.
Qxf4+ Kg7 17. Qe5+ Bf6 18. Nxf6 Qxf6 19. Qxc5 b6 20. Qe5 Ba6 21. b4 Rab8 22. a4
Bb7 23. a5 Bc6 24. axb6 axb6 25. b5 Qxe5 26. dxe5 Ba8 27. Ra7 Rgd8 28. Rd1 Kf8
29. Rd4 Ke7 30. f3 Rf8 31. Kf2 g5 32. Ke3 h5 33. Ne4 Rb7 34. Rxb7 Bxb7 35. Nxg5
Rg8 36. h4 Ra8 37. Rd6 Ra4 38. Rxb6 Ba8 39. Rb8 1-0

[Event "Open13 06/07"]
[Site "?"]
[Date "2007.02.03"]
[Round "5"]
[White "Lenfant, Francois"]
[Black "Busson, Benoist"]
[Result "1/2-1/2"]
[WhiteElo "2106"]
[BlackElo "2053"]
[PlyCount "76"]
[EventDate "2007.??.??"]

1. c4 e5 2. Nc3 Nc6 3. g3 g6 4. Bg2 Bg7 5. Rb1 f5 6. e3 Nf6 7. Nge2 O-O 8. d3
d6 9. b4 Ne7 10. Qb3 c6 11. b5 c5 12. O-O g5 13. f4 h6 14. d4 e4 15. dxc5 dxc5
16. b6 axb6 17. Qxb6 Qxb6 18. Rxb6 Nd7 19. Rd6 Rf6 20. Rdd1 g4 21. Nd5 Nxd5 22.
Rxd5 Rxa2 23. Nc3 Rc2 24. Nb5 Nb6 25. Rd8+ Rf8 26. Rxf8+ Bxf8 27. Na3 Rc3 28.
Rd1 Nxc4 29. Nxc4 Rxc4 30. Bb2 Rc2 31. Be5 b5 $2 {
sans voir la pointe tactique des Blancs, basée sur le clouage du Bf8} (31...
Be7 32. Ra1 Kf7 33. Ra8 Be6 34. Rh8 b5 35. Rh7+ Ke8 36. Rxh6 Bc4 37. Rh5 Re2
$19) 32. Rd8 $1 $15 Be6 33. Bd6 Rc1+ 34. Kf2 b4 35. Rxf8+ Kg7 36. Re8 Bf7 37.
Rc8 Rc2+ 38. Kg1 Rc1+ {le plus sage} (38... b3 39. Be5+ Kg6 (39... Kh7 $2 40.
Bxe4 $1 fxe4 41. f5 Bg8 42. Rc7+ Bf7 43. Rxf7+ Kg8 44. Rg7+ Kf8 45. f6 Rc1+ (
45... b2 46. Bd6+ Ke8 47. f7+ Kd7 48. f8=Q+ Kc6 49. Qe8+ Kd5 50. Qf7+ Kc6 51.
Qb7+ Kxd6 52. Rg6+ Ke5 53. Qe7+ Kd5 54. Qe6#) 46. Kf2 Rd1 47. Bf4 Rd5 48. Ke2
Rf5 49. Bd6+ Ke8 50. Re7+ Kd8 51. Be5 $18) 40. Rc6+ Kh7 41. Rf6 $11) 1/2-1/2

[Event "Open13 06/07"]
[Site "?"]
[Date "2007.02.03"]
[Round "5"]
[White "Madranges, Julien"]
[Black "Sintes, Marc"]
[Result "0-1"]
[WhiteElo "1929"]
[BlackElo "2096"]
[PlyCount "66"]

1. d4 g6 2. Nf3 Bg7 3. e4 d5 4. e5 c5 5. c3 Nc6 6. Qb3 cxd4 7. cxd4 Qc7 8. Nc3
Be6 9. Be3 Nh6 10. Bd3 O-O 11. O-O Ng4 12. Ng5 Bxe5 $2 $18 13. dxe5 Ncxe5 14.
Nxd5 $2 $17 (14. Bf4 $18) 14... Bxd5 15. Qxd5 Nxd3 16. g3 Rad8 17. Qf3 Nxe3 18.
fxe3 e5 19. Rad1 Qe7 20. h4 h6 21. Nh3 e4 22. Qg4 Qd7 23. Rf4 Qxg4 24. Rxg4
Rfe8 25. Rf1 Ne5 26. Rgf4 f5 27. h5 Rd2 28. hxg6 Nf3+ 29. R1xf3 exf3 30. Rxf3
Rxb2 31. Nf4 Rc8 32. Rf1 Rcc2 33. Rd1 Rd2 0-1

[Event "Open13 06/07"]
[Site "?"]
[Date "2007.02.03"]
[Round "5"]
[White "Jouet, Philippe"]
[Black "Cortes, Antoine"]
[Result "0-1"]
[WhiteElo "1920"]
[BlackElo "2158"]
[PlyCount "40"]

1. d4 Nf6 2. Nf3 g6 3. Nbd2 Bg7 4. e4 d6 5. Bd3 O-O 6. O-O c5 7. c3 Bg4 8. h3
Bxf3 9. Nxf3 cxd4 10. Nxd4 Nc6 11. Nxc6 bxc6 12. Bg5 Rb8 13. Bxf6 Bxf6 14. Qc2
Qa5 15. b4 Qe5 16. Rfc1 h5 17. Qe2 Bg5 18. Rcb1 Qxc3 19. Qc2 Qxc2 20. Bxc2 Bf6
0-1

[Event "Open13 06/07"]
[Site "?"]
[Date "2007.02.03"]
[Round "5"]
[White "Lecoq-Bernard, Francois"]
[Black "Mazeau, Geoffroy"]
[Result "1/2-1/2"]
[WhiteElo "2000"]
[BlackElo "1837"]
[PlyCount "89"]

1. c4 g6 2. g3 Bg7 3. Bg2 d6 4. e3 c5 5. Ne2 Nf6 6. O-O O-O 7. Nbc3 Nc6 8. a3
Bd7 9. Rb1 Qc8 10. Re1 Bg4 11. b4 Ne5 12. Rf1 Bf3 13. d3 h5 14. Bxf3 Nxf3+ 15.
Kg2 Ng5 16. Ng1 Qc6+ 17. e4 Nfxe4 $2 18. Nxe4 Nxe4 19. dxe4 $4 (19. b5 $1 {
réfute la combinaison noire} Nxf2+ 20. bxc6 Nxd1 21. cxb7 Rab8 22. Rxd1 Rfd8
$16) 19... Qxe4+ $19 20. Qf3 Qxb1 21. Bg5 Qf5 22. Qxf5 gxf5 23. Bxe7 Rfe8 24.
Bxd6 b6 25. bxc5 bxc5 26. Bxc5 Rec8 27. Bd6 Rxc4 28. Rb1 Bd4 29. Rb5 Rac8 30.
Rxf5 Bc5 31. Be5 h4 32. Rh5 f6 33. Bxf6 Kf7 $11 (33... hxg3 34. Rh8+ Kf7 35.
Rxc8 gxf2 36. Ne2 Kxf6 37. Kf1 $17) 34. Bxh4 a5 35. Nf3 Ra4 36. Ne5+ Ke6 37.
Nd3 Bd4 38. Nf4+ Kf7 39. Rf5+ Ke8 40. Ne6 Bc3 41. Nc5 (41. Rf8+ $5 Kd7 42. Rd8+
Rxd8 43. Nc5+ Ke8 44. Nxa4 Rc8 45. Nb6 Rc6 46. Nd5 Bb2 $11) 41... Rxa3 $11 42.
Ne4 Bb4 43. Nf6+ Ke7 44. Re5+ Kd6 45. Rd5+ 1/2-1/2

[Event "Open13 06/07"]
[Site "?"]
[Date "2007.02.03"]
[Round "5"]
[White "Robe, Pierre"]
[Black "Estevez, Eric"]
[Result "1-0"]
[WhiteElo "1830"]
[BlackElo "1940"]
[PlyCount "83"]

1. b3 Nf6 2. Bb2 d5 3. e3 c5 4. Nf3 Bg4 5. Be2 Nc6 6. O-O a6 7. d3 Bxf3 8. Bxf3
e5 9. Nd2 Bd6 10. c4 Nb4 11. Qe2 O-O 12. a3 Nc6 13. Bxd5 Nxd5 14. cxd5 Ne7 15.
e4 b5 16. Nf3 Ng6 17. g3 f5 18. exf5 Rxf5 19. Nd2 Qe7 20. Ne4 Rd8 21. Rac1 Qf8
22. Qc2 Rf3 23. Ng5 Qf5 24. Nxf3 Qxf3 25. Qd1 Qxd5 26. Re1 h5 27. Qxh5 Qxb3 28.
Qxg6 Qxb2 29. Qe6+ Kf8 30. Rb1 Qxa3 31. Re3 Be7 32. d4 Qa4 33. Rf3+ Ke8 34. Rf7
Rd7 35. Rxg7 Kd8 36. Qb6+ Kc8 37. Qc6+ Rc7 38. Qe6+ (38. Rg8+ Bd8 39. Qa8+ Kd7
40. Qd5+ Ke7 41. Rg7+ Ke8 (41... Kf6 42. Qxe5#) 42. Qg8#) 38... Kb8 39. Rxe7
exd4 40. Qd6 Qa5 41. Rxc7 Qxc7 42. Qxa6 1-0

[Event "Open13 06/07"]
[Site "?"]
[Date "2007.02.03"]
[Round "5"]
[White "Nakache, Jonathan"]
[Black "Scamaroni, Jean-Paul"]
[Result "1-0"]
[WhiteElo "2140"]
[BlackElo "1820"]
[PlyCount "43"]

1. e4 c5 2. Nf3 d6 3. d4 cxd4 4. Nxd4 Nf6 5. Nc3 a6 6. Bg5 e6 7. f4 b5 8. e5
dxe5 9. fxe5 Qc7 10. exf6 Qe5+ 11. Be2 Qxg5 12. Qd3 Ra7 13. Ne4 Qe5 14. O-O Rd7
15. c3 Bb7 16. Bf3 Nc6 17. Rad1 g6 18. Rfe1 Qc7 19. Qe3 Nxd4 20. cxd4 e5 $2 (
20... h5 21. Ng5 Qb6 (21... Bb4 22. Nxf7 Rxf7 23. Qxe6+ Kd8 24. Rc1 Qd6 25.
Qxf7 $18) 22. Bxb7 Rxb7 23. Rc1 $18) 21. Rc1 exd4 22. Nd6+ (22. Nd6+ Kd8 23.
Qe8#) 1-0